000 00620nam a22001937a 4500
005 20230624161520.0
008 180801t xxu||||| |||| 00| 0 eng d
040 _cCSPC
082 0 _a530
_bAs43c
100 _aAsin, Ricardi C.,
_eauthor.
245 0 0 _aCollege physics reviewer
_cRicardo C. Asin
260 _aManila :
_bWebster School and Office Supplies,
_c1979.
300 _a236 pages:
_bfigures;
_c22 cm.
650 1 0 _aPhysics
_vExaminations, questions.
940 _aLenie
942 _cBOOK
_jRES 530 As43c 1979
999 _c25683
_d25683